[Event "McGill op U2000"]
[Site "Montreal CAN"]
[Date "2016.05.01"]
[Round "5.17"]
[White "Tanaka, Tyler"]
[Black "Pare, Marc"]
[Result "1/2-1/2"]
[WhiteElo "1716"]
[BlackElo "1884"]
[PlyCount "119"]
[EventDate "2016.04.29"]
[EventType "swiss"]
[EventRounds "5"]
[EventCountry "CAN"]

1. e4 d5 2. exd5 Nf6 3. d4 Nxd5 4. c4 Nb6 5. Nf3 g6 6. Nc3 Bg7 7. Be3 O-O 8.
Be2 Bg4 9. b3 c5 10. Ne5 Bxe2 11. Nxe2 N6d7 12. Nxd7 Qxd7 13. Qd2 cxd4 14. Bxd4
Rd8 15. Rd1 Qg4 16. Qb2 e5 17. Bxe5 Rxd1+ 18. Kxd1 Bxe5 19. Qxe5 Nc6 20. Qe3
Rd8+ 21. Kc1 Qxg2 22. Rd1 Rxd1+ 23. Kxd1 Qxh2 24. Qe8+ Kg7 25. Qd7 Qh1+ 26. Kd2
Ne5 27. Qd4 f6 28. Qxa7 Qe4 29. Qe3 Nf3+ 30. Kd1 Qb1+ 31. Nc1 Qf5 32. Qd3 Qg4
33. Ne2 h5 34. Qd5 h4 35. Qxb7+ Kh6 36. c5 h3 37. Qb8 Nd4 38. Qh8+ Kg5 39. f4+
Kf5 40. Qc8+ Ne6 41. Kd2 Qg2 42. Ke3 h2 43. Nd4+ Kg4 44. Qxe6+ Kh5 45. Qf7 Qg1+
46. Kd3 Qd1+ 47. Ke3 h1=Q 48. Qh7+ Kg4 49. Qxg6+ Kh3 50. Qh7+ Kg4 51. Qg6+ Kh3
52. Qh7+ Kg2 53. Qe4+ Kg1 54. Nf3+ Kf1 55. Qc4+ Kg2 56. Qg8+ Kh3 57. Qh7+ Kg4
58. Qg6+ Kh3 59. Qh7+ Kg4 60. Qg6+ 1/2-1/2

[Event "McGill op U2000"]
[Site "Montreal CAN"]
[Date "2016.05.01"]
[Round "5.19"]
[White "Mangahas, Ronald"]
[Black "Kozlov, Guennadi"]
[Result "1/2-1/2"]
[WhiteElo "1847"]
[BlackElo "1666"]
[PlyCount "82"]
[EventDate "2016.04.29"]
[EventType "swiss"]
[EventRounds "5"]
[EventCountry "CAN"]

1. e4 e6 2. d4 d5 3. Nc3 Bb4 4. exd5 exd5 5. Nf3 Bg4 6. Be2 Ne7 7. O-O O-O 8.
Bg5 f6 9. Bd2 c6 10. Qe1 Nf5 11. Bd3 Re8 12. Qc1 Nd7 13. h3 Bxf3 14. Bxf5 Bh5
15. Bf4 Nf8 16. Re1 Bg6 17. Bxg6 Nxg6 18. Bg3 Qd7 19. Qd2 Rxe1+ 20. Rxe1 Re8
21. a3 Ba5 22. Re3 Rxe3 23. Qxe3 Qe7 24. b4 Bd8 25. a4 Qxb4 26. Qe6+ Kh8 27.
Bd6 Nf8 28. Bxf8 Qxf8 29. Nd1 Qe7 30. Qc8 Kg8 31. Ne3 g6 32. g3 Kf7 33. h4 Bb6
34. c3 Ba5 35. h5 Bxc3 36. Qh8 Ke6 37. hxg6 hxg6 38. Qg8+ Qf7 39. Qc8+ Qd7 40.
Qg8+ Qf7 41. Qc8+ Qd7 1/2-1/2

[Event "McGill op U2000"]
[Site "Montreal CAN"]
[Date "2016.05.01"]
[Round "5.21"]
[White "Jia, Zhe"]
[Black "Morin, Louis"]
[Result "1/2-1/2"]
[WhiteElo "1817"]
[BlackElo "1888"]
[PlyCount "135"]
[EventDate "2016.04.29"]
[EventType "swiss"]
[EventRounds "5"]
[EventCountry "CAN"]

1. c4 d5 2. g3 e6 3. Bg2 c5 4. Nf3 Nc6 5. O-O Nf6 6. e3 Be7 7. d4 O-O 8. Qe2
cxd4 9. cxd5 Nxd5 10. Nxd4 Nxd4 11. exd4 Bf6 12. Be3 b6 13. Nc3 Bb7 14. Ne4 Be7
15. a3 Rc8 16. Rac1 Qd7 17. Qd3 h6 18. Nd2 Rxc1 19. Rxc1 Rc8 20. Rc2 Rc7 21.
Rxc7 Qxc7 22. Qc4 Qxc4 23. Nxc4 Kf8 24. Bd2 Bf6 25. Ne5 Ke8 26. h4 Be7 27. Nc4
Kd8 28. Ne5 f6 29. Nc4 Kc7 30. Ne3 Bd6 31. Nxd5+ Bxd5 32. Bxd5 exd5 33. Kf1 Kd7
34. Ke2 h5 35. Kd3 Ke6 36. Ke2 Kf5 37. Kf3 g5 38. Bc1 b5 39. b3 Bc7 40. Bd2 Bb6
41. Bc3 gxh4 42. gxh4 Kg6 43. a4 a6 44. axb5 axb5 45. Bb2 Ba5 46. Ba3 Bc3 47.
Bc5 Kf5 48. Bb6 Ke6 49. Bc5 f5 50. Bb6 Bb2 51. Ba7 Bc1 52. Bb8 Bh6 53. Be5 Bf8
54. Kf4 Be7 55. Kg3 Ba3 56. Kf3 Bc1 57. Bc7 Ba3 58. Be5 Be7 59. Kg3 Bd8 60. Kh3
f4 61. Bxf4 Kf5 62. Kg3 Bf6 63. f3 Bxd4 64. Bg5 Be5+ 65. Kf2 Bf6 66. Bxf6 Kxf6
67. Ke3 Ke5 68. b4 1/2-1/2

[Event "McGill op U2000"]
[Site "Montreal CAN"]
[Date "2016.05.01"]
[Round "5.30"]
[White "Tsanaclis, Albert"]
[Black "McLeod, Jack"]
[Result "1/2-1/2"]
[WhiteElo "1543"]
[BlackElo "1647"]
[PlyCount "125"]
[EventDate "2016.04.29"]
[EventType "swiss"]
[EventRounds "5"]
[EventCountry "CAN"]

1. e4 d5 2. exd5 Nf6 3. d4 Bg4 4. Nf3 Qxd5 5. Be2 Nc6 6. Nc3 Qf5 7. h3 Bxf3 8.
Bxf3 e6 9. Bxc6+ bxc6 10. O-O Be7 11. Re1 O-O 12. Re5 Qg6 13. Rg5 Qh6 14. Qf3
Ne8 15. Rg4 Qh5 16. Qxc6 Rd8 17. Be3 Rd6 18. Qf3 f5 19. Rg3 Qxf3 20. Rxf3 Rb6
21. Na4 Rb4 22. b3 Bf6 23. Nc5 Rxd4 24. Nxe6 Rd6 25. Nxf8 Bxa1 26. Rxf5 Nf6 27.
Bc5 Rd1+ 28. Kh2 Re1 29. g4 h6 30. Ng6 Re2 31. Ne7+ Kh7 32. Nc6 Rxc2 33. Nb4
Re2 34. Bxa7 Be5+ 35. Kg2 Bc3 36. a3 Rb2 37. Rf3 Rxb3 38. Bd4 Ne4 39. Bxc3 Rxc3
40. Rxc3 Nxc3 41. Na6 Nd5 42. a4 Nb6 43. Nxc7 Nxa4 44. f4 Nc5 45. f5 Nd7 46.
Nd5 Ne5 47. Nf4 Nf7 48. h4 Ne5 49. Kg3 Nd7 50. g5 hxg5 51. hxg5 Ne5 52. Ne6 Kg8
53. Kf4 Nf7 54. Ke4 Nd6+ 55. Ke5 Nc4+ 56. Kd5 Ne3+ 57. Ke4 Nc4 58. Nd4 Kf7 59.
Nc6 Nd6+ 60. Kf4 Kf8 61. Nd4 Kf7 62. g6+ Kf6 63. Ne6 1/2-1/2

[Event "McGill op U2000"]
[Site "Montreal CAN"]
[Date "2016.05.01"]
[Round "5.33"]
[White "Richard, Leo"]
[Black "Tinica, Gabriel"]
[Result "1/2-1/2"]
[WhiteElo "1528"]
[BlackElo "1631"]
[PlyCount "77"]
[EventDate "2016.04.29"]
[EventType "swiss"]
[EventRounds "5"]
[EventCountry "CAN"]

1. e4 c5 2. Nf3 d6 3. d4 cxd4 4. Nxd4 Nf6 5. Nc3 g6 6. Be3 Bg7 7. f3 Nc6 8. Qd2
O-O 9. O-O-O d5 10. Nxc6 bxc6 11. exd5 cxd5 12. Nxd5 Nxd5 13. Qxd5 Qc7 14. Qc5
Qb7 15. Qb5 Qxb5 16. Bxb5 Rb8 17. Bc4 Bxb2+ 18. Kd2 Bf5 19. Bxa7 Rbc8 20. Bd3
Bxd3 21. cxd3 Ra8 22. Rb1 Rxa7 23. Rxb2 Rd8 24. Ke2 Rad7 25. Rd1 e5 26. Rb5 Ra8
27. Rxe5 Rxa2+ 28. Rd2 Ra1 29. Kf2 Ra3 30. Re3 Rd4 31. Ke2 f5 32. g3 Kf7 33. f4
Kf6 34. h4 h6 35. Rb2 Ra6 36. Rd2 g5 37. fxg5+ hxg5 38. hxg5+ Kxg5 39. Kf3
1/2-1/2

[Event "Mercredi 2016.01.05 ABCD"]
[Site "Montreal CAN"]
[Date "2016.01.06"]
[Round "1"]
[White "Baran, Marius"]
[Black "Dumouchel, Alain"]
[Result "0-1"]
[WhiteElo "1786"]
[BlackElo "1746"]
[PlyCount "82"]
[EventDate "2016.01.06"]
[EventType "tourn"]
[EventRounds "5"]
[EventCountry "CAN"]

1. e4 e5 2. Nf3 Nc6 3. d4 exd4 4. c3 Nf6 5. Bg5 h6 6. Bxf6 Qxf6 7. cxd4 Bb4+ 8.
Nc3 O-O 9. Bc4 Re8 10. O-O Bxc3 11. bxc3 Rxe4 12. Qd3 Re7 13. Rfe1 d6 14. Rxe7
Nxe7 15. Re1 Bf5 16. Qe3 Ng6 17. Bd3 Bxd3 18. Qxd3 c6 19. a4 Kf8 20. Qe3 Qe7
21. Qxe7+ Nxe7 22. c4 Re8 23. Kf1 g5 24. h3 Nc8 25. Rxe8+ Kxe8 26. c5 b5 27.
axb5 cxb5 28. Ke2 Kd7 29. cxd6 Nxd6 30. Ne5+ Kc7 31. Kd3 f5 32. g4 a5 33. gxf5
Nxf5 34. Nf7 a4 35. Kc3 Kc6 36. Ne5+ Kd5 37. Ng4 Ke4 38. Nf6+ Kf3 39. Ng4 h5
40. Ne3 Nxe3 41. fxe3 Ke4 0-1

[Event "Mercredi 2016.01.05 ABCD"]
[Site "Montreal CAN"]
[Date "2016.01.06"]
[Round "1"]
[White "Barko, Maxim"]
[Black "Gates, Claude-Eric"]
[Result "1-0"]
[WhiteElo "1816"]
[BlackElo "1813"]
[PlyCount "105"]
[EventDate "2016.01.06"]
[EventType "tourn"]
[EventRounds "5"]
[EventCountry "CAN"]

1. d4 Nf6 2. c4 e6 3. Nc3 Bb4 4. f3 O-O 5. a3 Bxc3+ 6. bxc3 b6 7. Bg5 d6 8. e4
Nbd7 9. Bd3 e5 10. Ne2 Re8 11. O-O h6 12. Bh4 Nf8 13. Qd2 g5 14. Bf2 Ng6 15. g3
Nh5 16. Kh1 Qf6 17. Be3 Qe6 18. Qe1 Ba6 19. d5 Qf6 20. a4 Bc8 21. a5 Bh3 22.
Rf2 Bd7 23. Ng1 Qg7 24. Rfa2 Rac8 25. axb6 axb6 26. Ra7 Qf6 27. Bxb6 Qd8 28.
Ba5 Ng7 29. c5 dxc5 30. Ba6 Ra8 31. Bxc7 Qf6 32. Bb7 Rxa7 33. Rxa7 g4 34. Qe2
h5 35. Qe3 h4 36. Ra6 Qe7 37. Bd6 Qd8 38. Bxc5 hxg3 39. hxg3 Nh5 40. Kg2 Nf6
41. d6 Qb8 42. Ra7 Re6 43. Ra8 Qxa8 44. Bxa8 Ne8 45. Bd5 Rf6 46. Qg5 Kg7 47.
fxg4 Nxd6 48. Bxd6 Rxd6 49. Nf3 f6 50. Qh5 Be8 51. Qh3 Ra6 52. g5 Rb6 53. Qh6#
1-0

[Event "Mercredi 2016.01.05 ABCD"]
[Site "Montreal CAN"]
[Date "2016.01.06"]
[Round "1"]
[White "Beaulieu, Pierre"]
[Black "Nardone, Raul"]
[Result "1-0"]
[WhiteElo "1872"]
[BlackElo "1806"]
[PlyCount "93"]
[EventDate "2016.01.06"]
[EventType "tourn"]
[EventRounds "5"]
[EventCountry "CAN"]

1. b3 Nf6 2. Bb2 g6 3. Bxf6 exf6 4. c4 Bg7 5. Nc3 f5 6. Rc1 O-O 7. g3 Nc6 8. f4
Nd4 9. e3 Re8 10. Nge2 Nc6 11. Bg2 a5 12. O-O Nb4 13. Rb1 Rb8 14. a3 Na6 15.
Qc2 b6 16. Nb5 Bb7 17. Bxb7 Rxb7 18. Nec3 Rb8 19. Rfe1 Nc5 20. d4 Ne4 21. Nxe4
Rxe4 22. Rbd1 Rc8 23. Nc3 Re7 24. Kf2 Re8 25. Re2 Qe7 26. a4 Qf6 27. Nd5 Qe6
28. Qd3 Qe4 29. Rc2 Qe6 30. Re1 Qe4 31. Qxe4 fxe4 32. c5 bxc5 33. Rxc5 c6 34.
Nb6 Rb8 35. Nxd7 Rxb3 36. Rxa5 Rb2+ 37. Re2 Rb1 38. Ra6 Ra1 39. Rb2 Rh1 40. Kg2
Re1 41. Rb3 Re2+ 42. Kh3 Ra2 43. a5 h5 44. Ra7 Rc8 45. a6 Re2 46. Rab7 Ra2 47.
a7 1-0

[Event "Mercredi 2016.01.05 ABCD"]
[Site "Montreal CAN"]
[Date "2016.01.06"]
[Round "1"]
[White "Gauthier, Luc"]
[Black "Brassard, Sylvain"]
[Result "0-1"]
[WhiteElo "1769"]
[BlackElo "1779"]
[PlyCount "70"]
[EventDate "2016.01.06"]
[EventType "tourn"]
[EventRounds "5"]
[EventCountry "CAN"]

1. e4 Nf6 2. e5 Nd5 3. d4 d6 4. c4 Nb6 5. f4 dxe5 6. fxe5 Nc6 7. Be3 Bf5 8. Nc3
e6 9. Nf3 Bg4 10. Be2 Qd7 11. Qd2 Bxf3 12. gxf3 O-O-O 13. O-O-O Na5 14. c5 Nbc4
15. Bxc4 Nxc4 16. Qe2 Nxe3 17. Qxe3 g6 18. Ne4 Be7 19. Rd3 Qc6 20. Rc3 Kb8 21.
Rd1 Qd5 22. Rb3 Rhf8 23. Qe2 f5 24. exf6 Bxf6 25. Qa6 b6 26. cxb6 cxb6 27. Nc5
Qc6 28. Ra3 Rf7 29. Qc4 Rc7 30. Na6+ Kb7 31. Qxc6+ Rxc6+ 32. Kb1 Be7 33. Ra4 b5
34. Nb4 Rc4 35. Nc6 Rxc6 0-1

[Event "Mercredi 2016.01.05 ABCD"]
[Site "Montreal CAN"]
[Date "2016.01.06"]
[Round "1"]
[White "Lebeau, Gilbert"]
[Black "Lalonde, Paul"]
[Result "0-1"]
[WhiteElo "2055"]
[BlackElo "1966"]
[PlyCount "46"]
[EventDate "2016.01.06"]
[EventType "tourn"]
[EventRounds "5"]
[EventCountry "CAN"]

1. d4 Nf6 2. Nf3 c5 3. d5 d6 4. c4 g6 5. Nc3 Bg7 6. e4 a6 7. Be2 e6 8. a4 O-O
9. O-O Re8 10. Qc2 exd5 11. cxd5 b6 12. h3 Ra7 13. Bg5 h6 14. Bh4 Rae7 15. Nd2
g5 16. Bg3 g4 17. hxg4 Bxg4 18. f3 Nh5 19. Bh2 Bd4+ 20. Kh1 Bc8 21. Rad1 f5 22.
Nc4 f4 23. e5 Rg7 0-1

[Event "Mercredi 2016.01.05 ABCD"]
[Site "Montreal CAN"]
[Date "2016.01.22"]
[Round "1"]
[White "Lopez Linares, Lizandro"]
[Black "Cloutier, Mathieu"]
[Result "1/2-1/2"]
[WhiteElo "2226"]
[BlackElo "2093"]
[PlyCount "67"]
[EventDate "2016.01.06"]
[EventType "tourn"]
[EventRounds "5"]
[EventCountry "CAN"]

1. Nf3 c5 2. c4 Nf6 3. g3 g6 4. Bg2 Bg7 5. Nc3 O-O 6. d3 d6 7. O-O Nbd7 8. Rb1
Rb8 9. a3 Nh5 10. Bd2 Ne5 11. b4 cxb4 12. axb4 f5 13. Qa4 Bd7 14. Qa2 e6 15.
Nb5 Bxb5 16. cxb5 Nxf3+ 17. Bxf3 Qd7 18. Qxa7 Qxb5 19. Rfc1 Qd7 20. Qb6 Rf7 21.
b5 Be5 22. d4 Bf6 23. Bb4 d5 24. e3 Bd8 25. Qa7 Rc8 26. Be2 Nf6 27. Rxc8 Qxc8
28. Qc5 Qb8 29. Rc1 b6 30. Qc8 Qxc8 31. Rxc8 Rd7 32. Be7 Rxe7 33. Rxd8+ Kf7 34.
Rd6 1/2-1/2

[Event "Mercredi 2016.01.05 ABCD"]
[Site "Montreal CAN"]
[Date "2016.01.06"]
[Round "1"]
[White "Nunez, Omar"]
[Black "Langlois-Remillard, Alexis"]
[Result "0-1"]
[WhiteElo "1924"]
[BlackElo "1800"]
[PlyCount "48"]
[EventDate "2016.01.06"]
[EventType "tourn"]
[EventRounds "5"]
[EventCountry "CAN"]

1. f4 d5 2. e3 Nf6 3. b3 g6 4. Bb2 Bg7 5. Nf3 O-O 6. Be2 c5 7. O-O Nc6 8. Ne5
Qb6 9. Nc3 Nd8 10. Bf3 Be6 11. Kh1 Rc8 12. Ne2 Ng4 13. Rb1 Nxe5 14. Bxe5 Bxe5
15. fxe5 d4 16. exd4 cxd4 17. Nf4 Qc7 18. Nxe6 Nxe6 19. Rc1 b5 20. Qe2 b4 21.
g3 Rfd8 22. Bg4 d3 23. cxd3 Qxc1 24. Bxe6 Qc6+ 0-1

[Event "Mercredi 2016.01.05 ABCD"]
[Site "Montreal CAN"]
[Date "2016.01.06"]
[Round "1"]
[White "Ouellet, Maili-Jade"]
[Black "Pomerantz, Daniel"]
[Result "0-1"]
[WhiteElo "2039"]
[BlackElo "2024"]
[PlyCount "116"]
[EventDate "2016.01.06"]
[EventType "tourn"]
[EventRounds "5"]
[EventCountry "CAN"]

1. d4 Nf6 2. c4 e6 3. Nc3 Bb4 4. Qc2 O-O 5. Nf3 b6 6. g3 Bb7 7. Bg2 d6 8. O-O
Nbd7 9. a3 Bxc3 10. Qxc3 c5 11. e3 cxd4 12. exd4 d5 13. b4 dxc4 14. Qxc4 Rc8
15. Qe2 Nd5 16. Bg5 N7f6 17. Ne5 Nc3 18. Qd3 Bxg2 19. Kxg2 Qd5+ 20. Qf3 Qxf3+
21. Nxf3 Ncd5 22. Rac1 Ne4 23. Be3 Rfd8 24. Rfd1 Kf8 25. Ne5 Nec3 26. Re1 Rc7
27. Rc2 Rdc8 28. Rec1 f6 29. Nd3 Ke7 30. Nf4 Nxe3+ 31. fxe3 Nb5 32. Rxc7+ Rxc7
33. Rxc7+ Nxc7 34. a4 g5 35. Nd3 Kd6 36. e4 h5 37. Nb2 Na6 38. Nc4+ Kd7 39. b5
Nb4 40. Nd2 Nd3 41. Nc4 Ne1+ 42. Kf2 Nc2 43. d5 exd5 44. exd5 Nb4 45. d6 Nd5
46. Kf3 Nc3 47. a5 bxa5 48. b6 axb6 49. Nxb6+ Kc6 50. Nc4 a4 51. Ke3 Nb5 52. d7
Kc7 53. Kd3 a3 54. Kc2 Kxd7 55. Kb3 Ke6 56. Ne3 f5 57. Nc2 f4 58. Kb4 f3 0-1

[Event "Mercredi 2016.01.05 ABCD"]
[Site "Montreal CAN"]
[Date "2016.01.06"]
[Round "1"]
[White "Tremblay, Alain"]
[Black "Boudreau, Daniel"]
[Result "0-1"]
[WhiteElo "2171"]
[BlackElo "2135"]
[PlyCount "69"]
[EventDate "2016.01.06"]
[EventType "tourn"]
[EventRounds "5"]
[EventCountry "CAN"]

1. e4 c5 2. Nc3 Nc6 3. g3 g6 4. Bg2 Bg7 5. d3 d6 6. Be3 Rb8 7. Qd2 b5 8. Nge2
b4 9. Nd1 Nd4 10. O-O e5 11. c3 Nxe2+ 12. Qxe2 Ne7 13. f4 bxc3 14. bxc3 O-O 15.
fxe5 Bxe5 16. Bh6 Bg7 17. Bxg7 Kxg7 18. Ne3 Be6 19. d4 cxd4 20. cxd4 Bd7 21.
Qd2 Qb6 22. Rad1 Ba4 23. Rc1 Nc6 24. Qf2 Qd8 25. e5 Rc8 26. Nc4 dxe5 27. Nxe5
Nxe5 28. Rxc8 Qxc8 29. dxe5 Bb5 30. Qf6+ Kg8 31. Rd1 Qc5+ 32. Kh1 Qc2 33. Qd6
Bc4 34. a3 Qb2 35. e6 {...} 0-1

[Event "Mercredi 2016.01.05 ABCD"]
[Site "Montreal CAN"]
[Date "2016.01.06"]
[Round "1"]
[White "Zumsteg, Nicolas"]
[Black "Millette, Sylvain"]
[Result "1-0"]
[WhiteElo "1776"]
[BlackElo "1770"]
[PlyCount "41"]
[EventDate "2016.01.06"]
[EventType "tourn"]
[EventRounds "5"]
[EventCountry "CAN"]

1. e4 Nf6 2. e5 Nd5 3. d4 d6 4. Nf3 Bg4 5. Be2 e6 6. c4 Nb6 7. Nfd2 Bxe2 8.
Qxe2 Nc6 9. Nf3 dxe5 10. dxe5 Bb4+ 11. Bd2 Bxd2+ 12. Nbxd2 Nd4 13. Qe4 Nxf3+
14. Nxf3 c6 15. Rd1 Qc7 16. O-O Nd7 17. Rd6 O-O 18. Rfd1 Rad8 19. Qd4 Nxe5 20.
Rxd8 Nxf3+ 21. gxf3 1-0

[Event "Mercredi 2016.01.05 ABCD"]
[Site "Montreal CAN"]
[Date "2016.01.13"]
[Round "2"]
[White "Baran, Marius"]
[Black "Gauthier, Luc"]
[Result "0-1"]
[WhiteElo "1786"]
[BlackElo "1769"]
[PlyCount "36"]
[EventDate "2016.01.06"]
[EventType "tourn"]
[EventRounds "5"]
[EventCountry "CAN"]

1. e4 e5 2. Nf3 f5 3. d3 Nc6 4. Be2 Nf6 5. Nc3 Bb4 6. Bg5 h6 7. Bxf6 Qxf6 8. a3
Bxc3+ 9. bxc3 d6 10. Nd2 O-O 11. O-O Ne7 12. Qb1 Ng6 13. Qb3+ Kh8 14. g3 f4 15.
f3 fxg3 16. hxg3 Qg5 17. Rad1 Qxg3+ 18. Kh1 Rf4 0-1

[Event "Mercredi 2016.01.05 ABCD"]
[Site "Montreal CAN"]
[Date "2016.01.13"]
[Round "2"]
[White "Boudreau, Daniel"]
[Black "Lopez Linares, Lizandro"]
[Result "0-1"]
[WhiteElo "2135"]
[BlackElo "2226"]
[PlyCount "54"]
[EventDate "2016.01.06"]
[EventType "tourn"]
[EventRounds "5"]
[EventCountry "CAN"]

1. e4 e6 2. d4 d5 3. e5 c5 4. c3 Nc6 5. Nf3 Bd7 6. Be2 Rc8 7. O-O Nh6 8. a3 Nf5
9. b4 cxd4 10. cxd4 Qb6 11. Bb2 h5 12. Qd3 Be7 13. Rd1 g5 14. g4 hxg4 15. Ne1
Na5 16. Bxg4 Nc4 17. Bc1 Ba4 18. Bxf5 Bxd1 19. Qxd1 exf5 20. Nc3 Qh6 21. Nf3
Nb6 22. Nb5 f4 23. Kf1 Qh3+ 24. Ke1 g4 25. Nd2 Qg2 26. Qe2 Rxh2 27. Nf1 f3 0-1

[Event "Mercredi 2016.01.05 ABCD"]
[Site "Montreal CAN"]
[Date "2016.01.13"]
[Round "2"]
[White "Brassard, Sylvain"]
[Black "Zumsteg, Nicolas"]
[Result "0-1"]
[WhiteElo "1779"]
[BlackElo "1776"]
[PlyCount "37"]
[EventDate "2016.01.06"]
[EventType "tourn"]
[EventRounds "5"]
[EventCountry "CAN"]

1. d4 Nf6 2. Bg5 e6 3. e4 Be7 4. e5 Nd5 5. Bxe7 Qxe7 6. c4 Nb6 7. Nf3 d6 8. Bd3
Nc6 9. exd6 cxd6 10. O-O Qf6 11. Nc3 Nxd4 12. Nxd4 Qxd4 13. Nb5 Qc5 14. b4 Qc6
15. Be4 d5 16. Nd4 Qxc4 17. Bd3 Qxb4 18. Re1 Bd7 19. Rc1 0-1

[Event "Mercredi 2016.01.05 ABCD"]
[Site "Montreal CAN"]
[Date "2016.01.13"]
[Round "2"]
[White "Dumouchel, Alain"]
[Black "Millette, Sylvain"]
[Result "0-1"]
[WhiteElo "1748"]
[BlackElo "1770"]
[PlyCount "100"]
[EventDate "2016.01.06"]
[EventType "tourn"]
[EventRounds "5"]
[EventCountry "CAN"]

1. e4 Nf6 2. e5 Nd5 3. d4 d6 4. exd6 exd6 5. c4 Nb6 6. Nc3 Nc6 7. h3 Bf5 8. Nf3
Nb4 9. Bg5 Nc2+ 10. Qxc2 Qxg5 11. Qb3 Qe7+ 12. Be2 Bd3 13. O-O Bxe2 14. Nxe2
O-O-O 15. Nc3 f5 16. a4 g5 17. a5 Nd7 18. a6 b6 19. Qb5 Nb8 20. Qxf5+ Qd7 21.
Qxg5 Be7 22. Qg4 Qxg4 23. hxg4 Nd7 24. Nd5 Bf6 25. Nb4 Nb8 26. Rfe1 Rhg8 27.
Re4 Rde8 28. Rae1 Rxe4 29. Rxe4 c5 30. Nd5 Bd8 31. dxc5 dxc5 32. Ne5 Nxa6 33.
f4 Nc7 34. f5 Nxd5 35. cxd5 Re8 36. d6 Kb7 37. d7 Rf8 38. Kf2 Kc7 39. Ke3 Kd6
40. Kf4 h6 41. Ng6 Rf7 42. Re6+ Kd5 43. Ne7+ Rxe7 44. Rxh6 Rxd7 45. g5 Bc7+ 46.
Kg4 c4 47. g6 Be5 48. Kg5 Bxb2 49. Rh7 Rxh7 50. gxh7 Bh8 0-1

[Event "Mercredi 2016.01.05 ABCD"]
[Site "Montreal CAN"]
[Date "2016.01.13"]
[Round "2"]
[White "Jacquet, Stephane"]
[Black "Ouellet, Maili-Jade"]
[Result "1-0"]
[WhiteElo "1972"]
[BlackElo "2039"]
[PlyCount "71"]
[EventDate "2016.01.06"]
[EventType "tourn"]
[EventRounds "5"]
[EventCountry "CAN"]

1. d4 d5 2. c4 e6 3. Nc3 Nf6 4. cxd5 exd5 5. Bg5 Be7 6. Qc2 O-O 7. e3 b6 8. Nf3
Bb7 9. Bd3 h6 10. Bf4 c5 11. O-O Nc6 12. a3 c4 13. Bf5 a6 14. Ne5 b5 15. h3 Qb6
16. Bh2 a5 17. f4 b4 18. Nxc6 Bxc6 19. axb4 axb4 20. Ne2 Rfe8 21. g4 b3 22. Qd2
Bb4 23. Nc3 Rxa1 24. Rxa1 g6 25. Bb1 h5 26. f5 hxg4 27. hxg4 Nxg4 28. fxg6 Rxe3
29. gxf7+ Kxf7 30. Bf5 Rd3 31. Bxd3 Qxd4+ 32. Kg2 Ne3+ 33. Kh1 cxd3 34. Qf2+
Kg8 35. Rg1+ Kh8 36. Be5+ 1-0

[Event "Mercredi 2016.01.05 ABCD"]
[Site "Montreal CAN"]
[Date "2016.01.13"]
[Round "2"]
[White "Lalonde, Paul"]
[Black "Pomerantz, Daniel"]
[Result "1-0"]
[WhiteElo "1966"]
[BlackElo "2024"]
[PlyCount "49"]
[EventDate "2016.01.06"]
[EventType "tourn"]
[EventRounds "5"]
[EventCountry "CAN"]

1. e4 c5 2. Nf3 Nc6 3. Bc4 e6 4. Nc3 a6 5. d4 cxd4 6. Nxd4 Qc7 7. Bb3 Nf6 8.
O-O Bd6 9. h3 Nxd4 10. Qxd4 Bc5 11. Qd3 O-O 12. Bg5 Qe5 13. Bh4 b5 14. Bg3 Qg5
15. e5 Nh5 16. Ne4 Qe7 17. Bh2 Ba7 18. g4 Bb7 19. gxh5 Qh4 20. Nd6 Bc6 21. Qg3
Qxh5 22. Qg4 Qh6 23. Bf4 f5 24. Nxf5 Qg6 25. Ne7+ 1-0

[Event "Mercredi 2016.01.05 ABCD"]
[Site "Montreal CAN"]
[Date "2016.01.13"]
[Round "2"]
[White "Langlois-Remillard, Alexis"]
[Black "Gates, Claude-Eric"]
[Result "1-0"]
[WhiteElo "1800"]
[BlackElo "1813"]
[PlyCount "49"]
[EventDate "2016.01.06"]
[EventType "tourn"]
[EventRounds "5"]
[EventCountry "CAN"]

1. d4 Nf6 2. c4 e6 3. g3 d5 4. Bg2 Be7 5. Nf3 O-O 6. O-O Nbd7 7. Nc3 Rb8 8. Bf4
Nh5 9. cxd5 Nxf4 10. gxf4 Nb6 11. dxe6 Bxe6 12. e4 Bg4 13. Rc1 c6 14. Qd3 f6
15. f5 Qd7 16. Nh4 Rbd8 17. Bf3 Bxf3 18. Nxf3 Qe8 19. a4 Qh5 20. a5 Nd7 21. Ne2
Kh8 22. Qe3 c5 23. Nf4 cxd4 24. Nxd4 Bd6 25. Nxh5 1-0

[Event "Mercredi 2016.01.05 ABCD"]
[Site "Montreal CAN"]
[Date "2016.01.13"]
[Round "2"]
[White "Lebeau, Gilbert"]
[Black "Have, Didier"]
[Result "1-0"]
[WhiteElo "2055"]
[BlackElo "2050"]
[PlyCount "111"]
[EventDate "2016.01.06"]
[EventType "tourn"]
[EventRounds "5"]
[EventCountry "CAN"]

1. d4 d5 2. Nf3 e6 3. c4 c6 4. Bf4 Be7 5. e3 f5 6. Nc3 Nf6 7. h3 O-O 8. Bd3 Ne4
9. Qc2 Nd7 10. O-O-O Qa5 11. Kb1 Nxc3+ 12. bxc3 dxc4 13. Bxc4 Nb6 14. Bb3 Nd5
15. Bxd5 exd5 16. g4 b5 17. Ne5 Qb6 18. Ka1 a5 19. g5 b4 20. c4 Be6 21. c5 Qb5
22. Qd3 Qb7 23. Rb1 Rfc8 24. Qe2 a4 25. Nd3 b3 26. a3 Qb5 27. Rhd1 Ra7 28. Kb2
Bd8 29. Rbc1 Ba5 30. Qh5 Bf7 31. Qf3 Qb7 32. Be5 Qd7 33. h4 Qe8 34. Nf4 Re7 35.
Bd6 Re4 36. Rd3 Qd7 37. Rg1 Qe8 38. g6 hxg6 39. Qg3 Rxf4 40. Qxf4 Qe6 41. Be5
Bd8 42. Rdd1 Be7 43. Rg3 g5 44. hxg5 Bg6 45. Rh3 Kf7 46. Rdh1 Bf8 47. Rh8 Ra8
48. Bd6 Re8 49. Rxf8+ Rxf8 50. Bxf8 Kxf8 51. Rh8+ Ke7 52. Qc7+ Qd7 53. Qxd7+
Kxd7 54. Rg8 Ke6 55. Rxg7 Bf7 56. f4 1-0

[Event "Mercredi 2016.01.05 ABCD"]
[Site "Montreal CAN"]
[Date "2016.01.13"]
[Round "2"]
[White "Lepine, Cedric"]
[Black "Tremblay, Alain"]
[Result "1/2-1/2"]
[WhiteElo "2078"]
[BlackElo "2171"]
[PlyCount "47"]
[EventDate "2016.01.06"]
[EventType "tourn"]
[EventRounds "5"]
[EventCountry "CAN"]

1. d4 d5 2. Nf3 e6 3. Bf4 Bd6 4. Bg3 Nf6 5. Nbd2 O-O 6. e3 c5 7. c3 b6 8. Bd3
Bb7 9. Ne5 Ne4 10. Qh5 f5 11. Nxe4 fxe4 12. Be2 cxd4 13. exd4 Nc6 14. Bg4 Qd7
15. Bh4 Qe8 16. Qxe8 Raxe8 17. Bg5 Nxe5 18. dxe5 Bc7 19. a4 a5 20. Kd2 Ba6 21.
Ra3 Bc4 22. Re1 Rf7 23. f3 exf3 24. Bxf3 1/2-1/2

[Event "Mercredi 2016.01.05 ABCD"]
[Site "Montreal CAN"]
[Date "2016.01.13"]
[Round "2"]
[White "Nardone, Raul"]
[Black "Barko, Maxim"]
[Result "1-0"]
[WhiteElo "1806"]
[BlackElo "1816"]
[PlyCount "77"]
[EventDate "2016.01.06"]
[EventType "tourn"]
[EventRounds "5"]
[EventCountry "CAN"]

1. d4 e6 2. e4 d5 3. Nc3 Bb4 4. Nge2 Nf6 5. e5 Ne4 6. a3 Nxc3 7. Nxc3 Bxc3+ 8.
bxc3 b6 9. Qg4 Kf8 10. Bb5 Ba6 11. a4 c6 12. Ba3+ Kg8 13. Bxa6 Nxa6 14. O-O h5
15. Qe2 Nb8 16. f4 g6 17. Rad1 Nd7 18. Rd3 Rc8 19. Rg3 Kh7 20. f5 exf5 21. Rxf5
Kg7 22. Rxh5 Rxh5 23. Qxh5 c5 24. Bc1 Qh8 25. Qg4 Qd8 26. Bg5 Qe8 27. Qh4 Qh8
28. Qf4 Qh5 29. Rf3 Rf8 30. Be7 g5 31. Bxf8+ Nxf8 32. Qf6+ Kg8 33. h3 cxd4 34.
cxd4 Ne6 35. g4 Qh7 36. Rc3 Qh4 37. Rc8+ Nf8 38. Kg2 a6 39. e6 1-0